000 00388nam a2200145Ia 4500
008 151213s9999 xx 000 0 und d
100 _aArthur Simpson
245 _aA Simplified French Course
_cArthur Simpson
260 _aLondon
_bFaber and Faber Ltd.
300 _a8857 p.
650 _aEnglish Literature
650 _aEnglish Literature
700 _aArthur Simpson
999 _c4642
_d4642